Bundesland nach Fußballvereinswappen Teil 2 - Statistiken

Allgemein
  • Dieses Quiz wurde 53 mal gespielt
  • Das Durchschnittsergebnis liegt bei 14 aus 16
Antwortstatistiken
Bildquiz Antwort % Korrekt
Bremen
100%
Saarland
100%
Sachsen-Anhalt
100%
Bayern
95%
Schleswig-Holstein
95%
Nordrhein-Westfalen
93%
Hessen
91%
Baden-Württemberg
89%
Niedersachsen
86%
Brandenburg
84%
Mecklenburg-Vorpommern
84%
Sachsen
84%
Thüringen
84%
Berlin
82%
Rheinland-Pfalz
80%
Hamburg
73%
Keine übereinstimmenden Quizze gefunden
Verteilung der Resultate
Anzahl Personen mit jedem Resultat
Perzentil nach korrekt beantworteten Fragen
Ihre Resultats-Entwicklung
Sie haben dieses Quiz noch nicht gespielt